UM Logo

Competing not complementing : (Record no. 20704)

MARC details
000 -LEADER
fixed length control field 01080nam a22002417a 4500
003 - CONTROL NUMBER IDENTIFIER
control field OSt
005 - DATE AND TIME OF LATEST TRANSACTION
control field 20260211082701.0
008 - FIXED-LENGTH DATA ELEMENTS--GENERAL INFORMATION
fixed length control field 240820b ||||| |||| 00| 0 eng d
040 ## - CATALOGING SOURCE
Transcribing agency 0
082 ## - DEWEY DECIMAL CLASSIFICATION NUMBER
Classification number DPer 320.05 As421 April-December 2020 v. 28 n. 1-3
100 ## - MAIN ENTRY--PERSONAL NAME
Personal name Febriansyah, Muhammad.
Relator term author.
9 (RLIN) 58476
245 ## - TITLE STATEMENT
Title Competing not complementing :
Remainder of title KPU, Bawaslu, and the dynamic of election monitoring in PEMILU 2019 /
Statement of responsibility, etc. Muhammad Febriansyah, Muhamad Takiyuddin Ismail, and Norazam Mohd Noor.
260 ## - PUBLICATION, DISTRIBUTION, ETC. (IMPRINT)
Place of publication, distribution, etc. United Kingdom ;
Name of publisher, distributor, etc. Taylor & Francis Group ,
Date of publication, distribution, etc. December 2020.
300 ## - PHYSICAL DESCRIPTION
Extent Volume 28, pages 275-293 :
Dimensions 26 cm.
500 ## - GENERAL NOTE
General note Asian Journal of Political Science, vol. 28, no. 3, pages 275-293, December 2020.
650 #0 - SUBJECT ADDED ENTRY--TOPICAL TERM
Topical term or geographic name as entry element Election monitoring in Indonesia.
9 (RLIN) 67028
650 #0 - SUBJECT ADDED ENTRY--TOPICAL TERM
Topical term or geographic name as entry element Civil society in Indonesia.
9 (RLIN) 67029
650 #0 - SUBJECT ADDED ENTRY--TOPICAL TERM
Topical term or geographic name as entry element General election commission of Indonesia (KPU).
9 (RLIN) 67030
700 ## - ADDED ENTRY--PERSONAL NAME
Personal name Febriansyah, Muhammad.
Relator term author.
9 (RLIN) 58476
700 ## - ADDED ENTRY--PERSONAL NAME
Personal name Ismail, Muhamad Takiyuddin.
Relator term author.
9 (RLIN) 58477
700 ## - ADDED ENTRY--PERSONAL NAME
Personal name Noor, Norazam Mohd.
Relator term author.
9 (RLIN) 58478
942 ## - ADDED ENTRY ELEMENTS (KOHA)
Source of classification or shelving scheme Dewey Decimal Classification
Koha item type Periodicals
Holdings
Withdrawn status Lost status Source of classification or shelving scheme Damaged status Not for loan Collection code Home library Current library Date acquired Total Checkouts Full call number Date last seen Price effective from Koha item type Public note
    Dewey Decimal Classification     Periodicals UM Digos College - LIC UM Digos College - LIC 08/20/2024   DPer 320.05 As421 April-December 2020 v. 28 n. 1-3 08/20/2024 08/20/2024 Periodicals Periodical Article